Statistics for The Witcher

Click here to take the quiz!

General Stats

  • This quiz has been taken 162 times
  • The average score is 10 of 31

Answer Stats

HintAnswer% Correct
WitcherGeralt
97%
Oldest witcherVesemir
89%
WitcheressCiri
83%
SignIgni
81%
WitcherLambert
80%
WitcherEskel
77%
SignAard
72%
SignQuen
65%
SignAxii
56%
PotionSwallow
33%
PotionCat
31%
Witcher apprenticeLeo
23%
Witcher's final testTrial of Grasses
21%
PotionThunderbolt
17%
BombGrapeshot
16%
BombSamum
16%
SignYerden
13%
BombNorthern Wind
11%
BombDragon's Dream
9%
BombDancing Star
8%
PotionGolden Oriole
8%
SignHeliotrope
8%
PotionWhite Honey
8%
BombDevil's Puffball
7%
School of Wolf locationKaer Mohen
7%
BombMoon Dust
7%
PotionBlack Blood
6%
PotionPetri's Philter
6%
PotionBlizzard
3%
PotionMaribor Forest
3%
PotionTanny Owl
1%

Score Distribution

Percentile by Number Answered

Percent of People with Each Score

Your Score History

You have not taken this quiz